00867nam a2200181 a 450000100100000000500170001000800410002702000180006804000250008610000440011124500840015526000690023930000240030895201200033295201050045295201110055799900170066800003776020201002031118.0130305s2012 dr ac 000 0 spa d a9789945164794 aDO-SdBNPbspacBNPHU1 aPérez-Incháustegui, Josefina95537210aUniversitas siglo XXI :bUASD II y recuerdos /cJosefina Pérez-Inchástegui. aSanto Domingo :bUniversidad Autónoma de Santo Domingo,c2012. a69 p. :bil., retr. 001054708DSaGRbGRcCTd2013-03-05iLF1l0o p37760-30r2020-06-25te. 3w2020-06-25yLFDSZPréstamo en sala 0010718PDaPDbPDcCTd2013-03-05iLF1l0o p37760-10r2020-06-25w2020-06-25yLFPDZNo se presta 0010718PDaPDbPDcCTd2013-03-05iLF1l0o p37760-20r2020-06-25te. 2w2020-06-25yLFPDZNo se presta c37250d37250